000 00786nam a2200229Ia 4500
008 130821s2004 ag gr spa
020 _a9500606194
040 _aCo-BoUCM
_bspa
041 0 0 _aspa
060 _aWG 330
100 1 _aElizari, Marcelo V.
_9165259
245 1 0 _aArritmias cardíacas fundamentos celulares y moleculares, diagnóstico y tratamiento
_cMarcelo V. Elizari, Pablo A. Chiale
250 _a2a. ed.
260 _aBuenos Aires (Argentina)
_bMédica Panamericana
_c2004
300 _axvii, 1025 páginas
504 _aIncluye índice.
650 0 4 _aArritmias cardiacas
_99437
650 0 4 _aCardiología
_910489
650 0 4 _aCorazón
_xElectrocardiografía
_911988
700 1 _aChiale, Pablo A.
_9165260
942 _cLIBRO
_a15
_e2
_mE434a
_2NLM
_hWG 330
_n0
999 _c60764
_d60764